LEADER 01882nam0 2200289 450 001 000014363 005 20090317104354.0 100 $a20080715d1874----km-y0itay50------ba 101 0 $afre 102 $aFR 105 $aa-------001yy 200 1 $aDictionnaire des mathématiques appliquées$ecomprenant les principales applications des mathématiques$eà l'architecture, à l'arithmétique commerciale, à l'arpentage, à l'artillerie...$fpar H. Sonnet,... 205 $a2e édition 210 $aParis$cHachette$d1874 215 $aIV, 1474 p.$cill.$d25 cm 316 $aLegatura in quarto di pelle su piatti di cartone ricoperti di c. dec. (26x16x9 cm); dorso con A., tit. e fregi impressi in oro; ivi, inoltre, etichette, con antiche segnature, etichetta con l'attuale coll. a coprire coll. del Regio Istituto Superiore Navale$5UNIPARTHENOPE 317 $aSulla controguardia ant. antiche segnature mss.: 14-G [n.i.]; 90 l 12 [n.i.]; II-T VII-5 [n.i.]; ivi, inoltre, Classe VII N.° 237 Ingresso N.° 1928 del Registro inventario della Regia Marina Biblioteca dipartimentale di Napoli; sul r. della c. di g. ant. antiche segnature mss.: parz. ripetuti, a matita, i dati del Registro inventario ...; class. Dewey dell'IUN: 503; timbro A della Reale Biblioteca di Marina$5UNIPARTHENOPE 327 1 $aLa versione digitale è disponibile sulla biblioteca digitale della Bibliothèque nationale de France, Gallica:$uhttp://catalogue.bnf.fr/ark:/12148/bpt6k92744v/f6.table 620 $aFrancia$dParigi 676 $a510.3$v21$9Matematica. Dizionari, enciclopedie, concordanze 700 1$aSonnet,$bHippolyte$05652 712 02$aDue Sicilie : Ministero della guerra e della marina$4390 801 0$aIT$bUNIPARTHENOPE$c20080715$gRICA$2UNIMARC 912 $a000014363 951 $aBORB-I-72$b1928$cFB$d2008 996 $aDictionnaire des mathematiques appliquees$9109152 997 $aUNIPARTHENOPE LEADER 01857cam a22003137 4500 001 991003209699707536 005 20250430130141.0 008 950421s1815 it b 000 0 fre 035 $ab14297668-39ule_inst 035 $aCICOGNARA-A2012-0427$9ExL 040 $aBibl. Interfacoltà T. Pellegrino$bita 041 0 $afre 100 1 $aQuatremère de Quincy,$cM.$q(Antoine-Chrysostome)$d<1755-1849.>$0343124 245 10$aLettres sur le préjudice qu'occasionneroient aux arts et à la science, le déplacement des monumens de l'art de l'Italie, le démembrement de ses écoles, et la spoliation de ses collections, galeries, musées,etc.$cpar M. Quatremère de Quincy. 246 1 $aLettres sur le projet d'enlever les monumens de l'Italie. 250 $aNouvelle éd. /$bfaite sur celle de Paris de 1796. 260 $aA Rome,$c1815. 300 $a[4], 98, [2] p.; $c8° (23 cm). 500 $aTitolo dell'occhietta: Lettres sur le projet d'enlever les monumens de l'Italie 500 $aCors. ; rom. 500 $aRiproduzione in microfiche dell'originale conservato presso la Biblioteca Apostolica Vaticana 787 18$iLeopoldo Cicognara Program :$tBiblioteca Cicognara$h[microform] : literary sources in the history of art and kindred subjects 787 18$tCatalogo ragionato dei libri d'arte e d'antichità / Leopoldo Cicognara 907 $a.b14297668$b01-04-22$c28-07-16 912 $a991003209699707536 945 $aLE002 SB Raccolta Cicognara, mcrf 1197$g0$lle002$pE0.00$rn$so $t11$u0$v0$w0$x0$y.i15769173$z28-07-16 996 $aLettres sur le préjudice qu'occasionneroient aux arts et à la science, le déplacement des monumens de l'art de l'Italie, le démembrement de ses écoles, et la spoliation de ses collections, galeries, musées,etc$91391584 997 $aUNISALENTO 998 $ale002$b28-07-16$cm$dg $e-$ffre$git $h0$i1